|
|
|
|
| LEADER |
01717nam a2200421 i 4500 |
| 001 |
33382 |
| 003 |
BD-DhAAL |
| 005 |
20180715120214.0 |
| 008 |
180715t2015 bg a b 001 0 eng |
| 999 |
|
|
|c 39776
|d 39776
|
| 010 |
|
|
|a 2015357061
|
| 020 |
|
|
|a 9789849153061
|
| 020 |
|
|
|a 9849153067
|
| 025 |
|
|
|a B-E-2015-357061; 22-91
|
| 035 |
|
|
|a (OCoLC)934278471
|
| 037 |
|
|
|b Library of Congress -- New Delhi Overseas Office
|
| 040 |
|
|
|a DLC
|b eng
|e rda
|c DLC
|d OCLCF
|d DKAGE
|d BD-DhAAL
|
| 042 |
|
|
|a lcode
|a pcc
|
| 043 |
|
|
|a a-bg---
|
| 050 |
0 |
0 |
|a HD880.6.Z7
|b S47 2015
|
| 082 |
0 |
4 |
|a 333.7315095492
|2 23
|
| 100 |
1 |
|
|a Seraj, Toufiq M.,
|d 1956-
|9 27297
|
| 245 |
1 |
0 |
|a Real estate development :
|b theoretical and practical issues in the context of Bangladesh /
|c Toufiq M. Seraj.
|
| 260 |
|
|
|a Dhaka :
|b Pathak Shamabesh,
|c 2015.
|
| 300 |
|
|
|a xxiv, 239 pages :
|b color illustrations ;
|c 24 cm
|
| 500 |
|
|
|a "In association with Seraj Foundation for Development."--T.p. verso.
|
| 504 |
|
|
|a Includes bibliographical references (pages 225-229) and index.
|
| 526 |
|
|
|a ARC
|
| 541 |
|
|
|e 33382
|
| 546 |
|
|
|a In English.
|
| 650 |
|
0 |
|a Real estate development
|z Bangladesh.
|9 27298
|
| 650 |
|
0 |
|a Real estate development
|x Law and legislation
|z Bangladesh.
|9 27299
|
| 650 |
|
7 |
|a Real estate development.
|2 fast
|9 27300
|
| 650 |
|
7 |
|a Real estate development
|x Law and legislation.
|2 fast
|9 27301
|
| 651 |
|
7 |
|a Bangladesh.
|2 fast
|9 27302
|
| 852 |
|
|
|a Department of Architecture
|c General Stacks
|
| 942 |
|
|
|2 ddc
|c BK
|
| 952 |
|
|
|0 0
|1 0
|2 ddc
|4 0
|6 333_731509549200000_SER
|7 0
|9 63804
|a BRACUL
|b BRACUL
|c GEN
|d 2018-07-15
|l 1
|o 333.7315095492 SER
|p 3010033382
|r 2024-04-03
|s 2024-04-02
|t 1
|w 2018-07-15
|y BK
|x Transferred from ARC to BRACUL on 28/12/2023
|